| 000 | 00354nam a2200145Ia 4500 | ||
|---|---|---|---|
| 008 | 100122s9999 xx 000 0 und d | ||
| 082 |
_b40613 _a181.4 |
||
| 100 | _aAUTHOR TO ENTER | ||
| 245 | _aI AM THE GATE | ||
| 260 |
_bA LIFE AWAKENING MOVEMENT PUB _c1972 |
||
| 300 | _a244 | ||
| 630 | _aI AM THE GATE | ||
| 730 | _aI AM THE GATE | ||
| 942 | _cBOOK | ||
| 999 |
_c372345 _d372342 |
||